Chráněná území Jižní Moravy
| Hlavný autor: | |
|---|---|
| Médium: | Kniha |
| Jazyk: | čeština angličtina francúzština ruština |
| Fyzický popis: | [25] s. fotogr. 20 cm |
| Vydavateľské údaje: |
Brno
Krajské středisko Státní památkové péče
1968
|
| Predmet: |
MARC
| LEADER | 00000cam a2200000 a 4500 | ||
|---|---|---|---|
| 001 | vtls001311765 | ||
| 003 | SK-MaSNL | ||
| 005 | 20260301155825.0 | ||
| 008 | 240314s1968 xr o 00000 cze | ||
| 035 | |a SNK000264148 | ||
| 040 | |a SNK |b slo |c SNK |e AACR2 | ||
| 041 | 0 | |a cze |a eng |a fre |a rus | |
| 043 | |a e-xr--- |b e-xr-mr | ||
| 044 | |a xr |c CZ | ||
| 080 | |a 502.21(1-751) |2 2001 | ||
| 080 | |a (437.32-13) |2 2001 | ||
| 080 | |a (048.8) |2 2001 | ||
| 100 | 1 | |a Pleva, Viktor, |d 1914- |4 aut |9 63654 | |
| 245 | 1 | 0 | |a Chráněná území Jižní Moravy |c Viktor Pleva |
| 260 | |a Brno |b Krajské středisko Státní památkové péče |c 1968 | ||
| 300 | |a [25] s. |b fotogr. |c 20 cm | ||
| 500 | |a Brožovaná | ||
| 546 | |a Text aj anglicky, francúzsky a rusky | ||
| 650 | 0 | 7 | |a chránené územia |2 SNKPH |9 3785 |
| 651 | 7 | |a Morava južná (Česko) |2 SNKPH |9 235804 | |
| 655 | 7 | |a prehľady |2 SNKPH |9 70194 | |
| 852 | |a Štátna vedecká knižnica v Banskej Bystrici | ||
| 958 | |a OND | ||
| 999 | |c 802839 |d 804769 | ||
| 952 | |t P60, <04>, [BOOK], {604} |a SNK |b SNK |y VYP |7 0 |p 17A0110765 |o snkID 48741 |0 0 |1 0 |4 0 |d 1997-11-24 |l 0 |r 2005-01-02 00:00:00 |w 2026-02-24 | ||


